000 00925cai a22001815a 4500
001 E146806
008 090302u xxk g 000 0 eng d
035 _a(Sirsi) u146806
041 0 _aeng
110 2 _aAccounting Standards Board
_93454
245 0 0 _aAccounting Standards Board
_h[electronic resource]
520 _aWebsite for the Accounting Standards Board (ASB), which is part of the Financial Reporting Council. Provides access to ASB Accounting Standards, discussion papers, exposure drafts, Statement of Standard Accounting Practice and ASB responses to external consultations. Also provides general information on the role of the ASB and its remit.
590 _aKA
651 4 _aUnited Kingdom
_y1973-
690 _aMANAGEMENT-BUSINESS MANAGEMENT-FINANCIAL MANAGEMENT-ACCOUNTING-FINANCIAL REPORTING
856 4 0 _uhttps://www.frc.org.uk/asb/
_zView the website free of charge at www.frc.org.uk/asb...
942 _n0
999 _c120768
_d120768